Loading...
Access 97 for Windows/
| Main Author: | |
|---|---|
| Format: | Printed Book |
| Published: |
New Delhi:
BPB,
1997.
|
| Subjects: |
| LEADER | 00481nam a22001451a 4500 | ||
|---|---|---|---|
| 020 | |a 9788170298663 | ||
| 082 | |a 005.3 |b SIE/A | ||
| 100 | |a Siegel Charles |9 80040 | ||
| 245 | |a Access 97 for Windows/ |c by Siegel Charles | ||
| 260 | |a New Delhi: |b BPB, |c 1997. | ||
| 300 | |a 482p. | ||
| 650 | |a Programming Computer |9 80041 | ||
| 942 | |c REF | ||
| 999 | |c 725 |d 725 | ||
| 952 | |0 0 |1 0 |4 0 |6 R_005_300000000000000_N97 |7 0 |9 1184 |a SSUS |b SSUS |d 2015-01-08 |g 180.00 |o R 005.3 N97 |p 003617 |r 2015-01-08 |v 0.00 |w 2015-01-08 |y REF | ||